| 000 | 01497cam a22003255a 4500 | ||
|---|---|---|---|
| 005 | 20091023071005.0 | ||
| 008 | 090922s2009 ii a g b 100 0 eng d | ||
| 010 | _aENG-95310 | ||
| 020 |
_a9780198061021 _c750.00 |
||
| 020 |
_a0198061021 _c750.00 |
||
| 035 | _aEN-78843 | ||
| 037 | _aDBAD/PUB | ||
| 040 | _aDPL | ||
| 082 | _a909.04914 | ||
| 111 |
_aInternational Workshop on Sikh Diaspora in Punjab _d(2006 : _cJalandhar, India) |
||
| 245 |
_aSikh diaspora philanthropy in Punjab : _bglobal giving for local good / _cedited by Verne A. Dusenbery, Darshan S. Tatla. |
||
| 260 |
_aNew Delhi : _bOxford University Press, _c2009. |
||
| 300 |
_axviii, 312 p. : _bill. ; _c23 cm.(Hb) |
||
| 500 | _aIncludes bibliographical references | ||
| 520 | _aRevised version of papers presented at the International Conference on Sikh Diaspora and its Recommendations, held at Jalandhar during 30-31 March 2006. | ||
| 650 |
_aEmigrant remittances _zIndia _zPunjab _vCongresses. |
||
| 650 |
_aSikhs _xCharities _vCongresses. |
||
| 650 |
_aCharities _zIndia _zPunjab _vCongresses. |
||
| 650 |
_aSikh diaspora _vCongresses. |
||
| 700 |
_aDusenbery, Verne A. _q(Verne Andrew), |
||
| 700 |
_aTatla, Darshan S. _q(Darshan Singh) |
||
| 942 |
_2ddc _cEN _mDUS _h909.04914 |
||
| 999 |
_c31312 _d31312 |
||